00836nam a22002297a 4500003000500000005001700005008004100022010001000063011001000073035001100083040000900094245028200103260003400385300001800419490002900437650003400466650002000500650002000520650001300540700002400553830002900577CHAP20220817044344.0100611s2008 us a r 00010 spa d a98691 a99663 a110349 cCHAP00aInvestigación agrícola internacional para la seguridad alimentaria, la reducción de la pobreza y el medio ambiente :bqué esperar del aumento de las inversiones del CGIAR y la implementación en gran escala de sus mejores opcionesc/por Joachim von Braum ...[ét al.] aWashington, DC:bIFPRI,c2008 a4 p. :bilus. 0aResumen temáticov; 5314aAgriculturaxInvestigación.14aAlimentación.14aMedio ambiente.14aPobreza.0 aBraun, Joachim Von. 0aResumen temáticov; 53